Planning and employment trends in India (Record no. 434327)

000 -LEADER
fixed length control field 00399cam a22001217a 4500
008 - FIXED-LENGTH DATA ELEMENTS--GENERAL INFORMATION
fixed length control field 180718b1987 xxu||||| |||| 00| 0 eng d
082 ## - DEWEY DECIMAL CLASSIFICATION NUMBER
Classification number R112x54 C393
100 ## - MAIN ENTRY--PERSONAL NAME
Personal name Chaudhary, S.K.
245 ## - TITLE STATEMENT
Title Planning and employment trends in India
Statement of responsibility, etc. by S.K. Chaudhary
260 ## - PUBLICATION, DISTRIBUTION, ETC.
Place of publication, distribution, etc. New Delhi
Name of publisher, distributor, etc. Deep & Deep
Date of publication, distribution, etc. 1987
300 ## - PHYSICAL DESCRIPTION
Extent 300p.
650 ## - SUBJECT ADDED ENTRY--TOPICAL TERM
Topical term or geographic name entry element Unemployment-Planners,Economists, Political leaders and Social reforms
Holdings
Withdrawn status Lost status Damaged status Not for loan Permanent Location Current Location Date acquired Full call number Barcode Date last seen Price effective from Koha item type
        Indian Institute of Public Administration Indian Institute of Public Administration 2010-02-15 R112x54 C393 62271 2018-07-21 2018-07-21 Book

Powered by Koha